000
00313nam a2200121Ia 4500
008
191201s2006 xx 000 0 und d
100
_a
BHATTACHARJEEE, C
245
0
_a
Services Marketing Concepts Planning and Implimentation
260
_a
-
_b
Excel Books
_c
2006
300
_a
696
650
_a
MBA
942
_2
ddc
_c
BK
999
_c
3485
_d
3485